|
|
|
|
| LEADER |
00000cam a2200000 a 4500 |
| 001 |
vtls008389210 |
| 003 |
SK-MaSNL |
| 005 |
20260301141036.0 |
| 008 |
251031s1954 xo 000 0 slo |
| 015 |
|
|
|a SNBA19451955-008731
|
| 035 |
|
|
|a SK01SNKBKSFS20010081427
|
| 035 |
|
|
|a SKM000083890
|
| 040 |
|
|
|a SNK
|b slo
|c SNK
|e AACR2
|
| 041 |
1 |
|
|a slo
|h hun
|
| 044 |
|
|
|a xo
|c SK
|
| 080 |
|
|
|a 796
|2 1981
|
| 100 |
1 |
|
|a Pálfai, János
|4 aut
|9 494532
|
| 240 |
1 |
0 |
|a Labdarúgás
|l Slovensky
|
| 245 |
1 |
0 |
|a Futbal
|c Pálfai János, Molnár, József ; z maďarskej predlohy Labdarúgás ... preložil Ján Novák
|
| 260 |
|
|
|a Martin
|b Osveta
|c 1954
|e Martin
|f Severoslov. tlač.
|
| 300 |
|
|
|a 125, [6] s.
|c V. 8°
|
| 366 |
|
|
|e 3300 výtl.
|
| 504 |
|
|
|a Obsahuje bibliografiu
|
| 650 |
0 |
7 |
|a futbal
|2 SNKPH
|9 3291
|
| 655 |
|
7 |
|a monografie
|2 SNKPH
|9 70139
|
| 700 |
1 |
|
|a Molnár, József
|4 aut
|9 423421
|
| 700 |
1 |
|
|a Novák, Ján
|4 trl
|9 5176
|
| 700 |
1 |
|
|a Pepich, Alojz,
|d 1926-1962
|4 bjd
|9 182606
|
| 852 |
|
|
|a Slovenská národná knižnica
|
| 958 |
|
|
|a OND
|
| 958 |
|
|
|a RK
|
| 958 |
|
|
|a TL
|
| 999 |
|
|
|c 765830
|d 767760
|
| 952 |
|
|
|a SNK
|b SNK
|y PREZ
|7 0
|p 17A0397428
|o snkSD 9126
|i snk1069/54
|0 0
|1 0
|4 0
|d 2003-09-12
|l 0
|r 2025-11-21 00:00:00
|w 2026-02-24
|
| 952 |
|
|
|a SNK
|b SNK
|y VYP
|7 0
|p 17A1076932
|o snkSD 9126 D1
|i snkI. 8407/54
|0 0
|1 0
|4 0
|d 2014-10-29
|l 0
|r 2026-02-24 00:18:38
|w 2026-02-24
|